Indo-Anglian fiction & contribution of the major Indian novelists : (Record no. 92027)

MARC details
000 -LEADER
fixed length control field 00777nam a22001817a 4500
005 - DATE AND TIME OF LATEST TRANSACTION
control field 20150423105654.0
010 ## - LCCN (DPL NO)
LC control number ENG-112278
020 ## - INTERNATIONAL STANDARD BOOK NUMBER
International Standard Book Number 9788192297262
Terms of availability 395.00
035 ## - SYSTEM CONTROL NUMBER
System control number EN-95810
037 ## - SOURCE OF ACQUISITION
Source of stock number/acquisition DBAD/PUB
100 ## - MAIN ENTRY--PERSONAL NAME
Personal name Brahmbhatt, Tushar
245 ## - TITLE STATEMENT
Title Indo-Anglian fiction & contribution of the major Indian novelists :
Remainder of title according to the newly implemented syllabi in course from June-2011 of CBCS Hemachandracharya north Gujarat university, Patna & UGC NET-SLET syllabus /
Statement of responsibility, etc by Tushar Brahmbhatt
260 ## - PUBLICATION, DISTRIBUTION, ETC. (IMPRINT)
Place of publication, distribution, etc Ahmedabad
Name of publisher, distributor, etc Reliable Publishing House
Date of publication, distribution, etc 2013
270 ## - ADDRESS
Address A-302, Tridev Appartment, Ghathlodia,
City Ahmedabad
Postal code 3800061
300 ## - PHYSICAL DESCRIPTION
Extent x, 139p.
Dimensions 22cm(Hb)
500 ## - GENERAL NOTE
General note Includes bibliographical references
942 ## - ADDED ENTRY ELEMENTS (KOHA)
Source of classification or shelving scheme Dewey Decimal Classification
Item type English Books
Call number suffix BRA
Classification part 891.4
Holdings
Withdrawn status Lost status Not for loan Collection code Home library Current library Date acquired Source of acquisition Cost, normal purchase price Full call number Barcode Copy number Cost, replacement price Koha item type
    Not For Loan Non-fiction D.B.Act.Division D.B.Act.Division 02/03/2015 DBAD/PUB 395.00 891.4 BRA EN-95810 1 395.00 English Books

© Delhi Public Library
Hit Counter
free hit counter